01231cam a2200325 a 4500001000500000005001700005020001800022040002300040050002300063082001200086100002000098245003000118250002800148260003300176300004000209500003000249500002300279505000800302520024800310521002000558521002000578650002700598650002200625650002000647650002900667906004500696942001500741999001500756952013400771158420230907151059.0 a9780439672467 aDLCcDLCdDLCbeng00aPZ7.D6475bIc 200300aFic2221 aD'Lacey, Chris.10aIcefire /cChris D'Lacey. a1st Scholastic pbk. ed. aNew York :bScholasticc2003 a421 pages : billustrationsc20 cm  aSequel to: A fire within. aSequel: Fire star. aR  aWhile researching the existence of dragons for an essay that could win him a trip to the Arctic, Chris opens himself to the possibility that a great, ancient treasure exists there, guarded by bears, and that he has some role in its protection. a690 bLexile  aR bRaz-Plus  1aSupernaturalvFiction. 1aDragonsvFiction. 1aBearsvFiction. 1aBoardinghousesvFiction. a7bcbccorignewd1eocipf20gy-gencatlg 2ddccBKn0 c1584d1584 00102ddc40708JUVFa001b001cTTPd2023-09-07l3oDLA Fic PZ7.D6475pFIS00727r2025-05-07 12:31:21s2025-04-10w2023-09-07yBK